000 00658cam a2200229 4500
001 J430
008 090401t1967 xxu||||| |||| 00| 0 eng d
035 _a(Sirsi) u74926
041 _aeng
050 _a697
110 _aMinistry of Public Building and Works
_9592
245 _aHeating installations: the analysis of costs: cost control during design.
260 _aLondon
_bHMSO
_c1967
300 _aiv,34p. ; 30cm.
350 _a0
490 _aR & D Paper
650 _aBUILT ENVIRONMENT-BUILDING COSTS
690 _aBUILT ENVIRONMENT-BUILDING COSTS
710 _aDirectorate of Building Management
_91326
942 _n0
948 _c04/03/1997
999 _c95942
_d95942